00502nam a2200109Ia 4500008004100000050002400041100002000065245018100085260008600266300002800352521001200380140724s9999 xx 000 0 und d aRC 266b.Al324 2010 aAlayu, Mikaela. 2aA study on the level of understanding in adults with asthma in an urban, middle-class village towards the development of an interactive health teaching module /cMikaela Alayu. aLas Piñas, Philippines :bSouthville International School and Colleges,cc2010. a56 p. :bill. ;c28 cm. aNursing